01640cam a2200397 45000010008000000030004000080050017000120080041000290100017000700150017000870350012001040400018001160410013001340430012001470500020001590820019001791000057001982400050002552450117003052600043004223000045004653360026005103370028005363380027005645000056005916000052006476100108006996100095008076500051009026500055009536500039010089060045010479420012010929990017011049520121011212278366OSt20250922084454.0711201s1970 ru ab 000 0 eng  a 78858121  aUSSR70-28885 a2278366 aDLCcDLCdDLC1 aengarus ae-ur---00aD764b.S466751300a940.542/1/09221 aShtemenko, S. M.q(Sergeĭ Matveevich),d1907-1976.10aGeneralʹnyĭ shtab v gody voĭny.lEnglish14aThe Soviet general staff at war (1941-1945)cby S. M. Shtemenko. [Translated from the Russian by Robert Daglish] aMoscow,b"Progress Publishers",c1970. a399 p. with maps, 8 l. of illus.c21 cm. atextbtxt2rdacontent aunmediatedbn2rdamedia avolumebnc2rdacarrier aTranslation of Generalʹnyĭ shtab v gody voĭny.10aShtemenko, S. M.q(Sergeĭ Matveevich),d1907-10aSoviet Union.bRaboche-Krestʹi︠a︡nskai︠a︡ Krasnai︠a︡ Armii︠a︡.bGeneralʹ nyĭ shtab.10aSoviet Union.bRaboche-Krestʹi︠a︡nskai︠a︡ Krasnai︠a︡ Armii︠a︡xBiography. 0aWorld War, 1939-1945xCampaignszSoviet Union. 0aWorld War, 1939-1945xPersonal narratives, Soviet. 0aGeneralszSoviet UnionxBiography. a7bcbccorignewd3encipf19gy-gencatlg 2ddccBK c18927d18927 00102ddc40708en_BookaINPbINPcMAINd2025-09-22l0o940.542/1/0922p025142r2025-09-22 00:00:00w2025-09-22yBK